| 000 | 01081nam a22002657a 4500 | ||
|---|---|---|---|
| 003 | PE SENCICO BE | ||
| 005 | 20251020182707.0 | ||
| 008 | 240304b |||||||| |||| 00| 0 eng d | ||
| 040 |
_aPE SENCICO BE _cPE SENCICO BE |
||
| 041 | _aspa | ||
| 084 |
_aI _aDIS _a2010 _bR41 |
||
| 100 | 1 |
_92013 _aRengifo Isusqui, Misha Claire _eautor |
|
| 245 | 1 |
_aBoutique especializado en vestidos y complementos para la mujer / _cMisha Claire Rengifo Isusqui |
|
| 260 |
_aLima : _c2010 |
||
| 300 |
_a[48] h. : _bil. col. ; _c30 cm. |
||
| 500 | _aEl volumen 3 contiene planos. | ||
| 502 | _aMonografía de Titulación.-- Servicio Nacional de Capacitación para la Industria de la Construcción. Escuela Superior Técnica. Carrera Profesional Técnica en Diseño de Interiores, 2010 | ||
| 650 | 1 | 0 |
_944 _aDiseño de interiores |
| 650 | 2 | 0 |
_9882 _aBoutiques |
| 650 | 2 | 0 |
_91995 _aEspacios comerciales |
| 650 | 2 | 0 |
_9615 _aPlanos |
| 710 | 1 |
_aServicio Nacional de Capacitación para la Industria de la Construcción. _bEscuela Superior Técnica _91065 |
|
| 910 |
_bhfp _chfp |
||
| 942 |
_cMON _2ddc |
||
| 999 |
_c4982 _d4982 |
||